| 000 | 02140cas a2200541 a 4500 | ||
|---|---|---|---|
| 999 |
_c532924 _d532924 |
||
| 001 | 11413085 | ||
| 003 | NUST | ||
| 005 | 20191206123213.0 | ||
| 007 | cr unu|||||||| | ||
| 008 | 881010c19889999enkqr p 0 a0eng c | ||
| 010 |
_asf 93091442 _zsn 88019209 |
||
| 016 | _a(AMICUS)000008246457 | ||
| 022 |
_a0952-8733 _l0952-8733 _2z |
||
| 035 | _a(OCoLC)ocm18584491 | ||
| 038 | _aAttaullah | ||
| 040 |
_aCUZ _beng _cCUZ _dHUL _dNST _dNSD _dDLC _dNSD _dGUA _dNST _dDLC _dCUS _dNSD _dSYS _dOCL _dOCLCQ _dNLGGC _dOCLCQ _dCLU _dOCLCQ _dGUA _dOCLCQ _dOCLCF _dOCLCO _dNLC _dOCLCQ |
||
| 042 |
_apcc _ansdp |
||
| 050 | 0 | 0 | _aWMLC 93/1361 |
| 050 | 1 | 4 |
_aLC171 _b.H54 |
| 082 | _aVol-32, No-4 December 2019 | ||
| 210 | 0 | _aHigh educ. policy | |
| 222 | 0 | _aHigher education policy | |
| 245 | 0 | 0 | _aHigher education policy. |
| 260 |
_a[London] : _bKogan Page, _cc1988- |
||
| 300 |
_av. ; _c28 cm. |
||
| 310 | _aQuarterly | ||
| 362 | 0 | _aVol. 1, no. 1 (Mar. 1988)- | |
| 550 | _aIssued by: International Association of Universities. | ||
| 588 | _aLatest issue consulted: Vol. 5, no. 3 (Sept. 1992). | ||
| 590 | _aSERBIB/SERLOC merged record | ||
| 650 | 0 |
_aUniversities and colleges _vPeriodicals. _926537 |
|
| 650 | 0 |
_aHigher education and state _vPeriodicals. _926538 |
|
| 650 | 0 |
_aEducation, Higher _vPeriodicals. _926539 |
|
| 650 | 1 | 7 |
_aHoger onderwijs. _2gtt _926540 |
| 650 | 1 | 7 |
_aOnderwijsbeleid. _2gtt _926541 |
| 650 | 7 |
_aEducation, Higher. _2fast _0(OCoLC)fst00903005 _925091 |
|
| 650 | 7 |
_aHigher education and state. _2fast _0(OCoLC)fst00956548 _926542 |
|
| 650 | 7 |
_aUniversities and colleges. _2fast _0(OCoLC)fst01161597 _924290 |
|
| 655 | 7 |
_aPeriodicals. _2fast _0(OCoLC)fst01411641 _926543 |
|
| 710 | 2 |
_aInternational Association of Universities. _924294 |
|
| 776 | 0 | 8 |
_iOnline version: _tHigher education policy (Online) _x1740-3863 _w(DLC) 2010233244 _w(OCoLC)38900737 |
| 906 |
_a7 _bcbc _cserials _du _encip _f19 _gn-oclcserc |
||
| 942 |
_2ddc _cCR |
||